Statistics for 3rd Largest Cities Per Country

Click here to take the quiz!

General Stats

  • This quiz has been taken 18 times
  • The average score is 52 of 197

Answer Stats

Country3rd Largest City% Correct
United KingdomBirmingham
94%
AustraliaBrisbane
94%
TurkeyIzmir
94%
JapanOsaka
94%
SwedenMalmo
89%
Saudi ArabiaMecca
89%
ItalyNaples
89%
CzechiaBrno
83%
United StatesChicago
83%
FranceLyon
83%
NetherlandsThe Hague
83%
Spain | VenezuelaValencia
83%
IndiaBangalore
78%
SwitzerlandBasel
78%
PolandŁódź
78%
MexicoMonterrey
78%
GermanyMunich
78%
MoroccoTangier
78%
NorwayTrondheim
78%
CanadaVancouver
78%
BoliviaLa Paz
72%
IrelandLimerick
72%
BrazilSalvador
72%
ChinaTianjin
72%
ColombiaCali
67%
New ZealandChristchurch
67%
EgyptGiza
67%
BelgiumLiège
67%
BulgariaVarna
67%
IraqBasra
61%
South AfricaDurban
61%
South KoreaIncheon
61%
RussiaNovosibirsk
61%
UkraineOdesa
61%
ArgentinaRosario
61%
FinlandTampere
61%
IsraelHaifa
56%
AustriaLinz
56%
MonacoMonaco
56%
DenmarkOdense
56%
Vatican CityVatican City
56%
IndonesiaBandung
50%
RomaniaCluj-Napoca
50%
SyriaHoms
50%
NigeriaIbadan
50%
SingaporeSingapore
50%
ChileConcepción
44%
TanzaniaDodoma
44%
CyprusLarnaca
44%
LithuaniaKlaipėda
39%
MyanmarNaypyidaw
39%
GreecePatras
39%
GeorgiaBatumi
33%
PakistanFaisalabad
33%
VietnamHaiphong
33%
Democratic Republic of the CongoMbuji-Mayi
33%
CroatiaRijeka
33%
HungarySzeged
33%
PanamaDavid
28%
BurundiGitega
28%
AfghanistanMazar-e-Sharif
28%
MaltaMosta
28%
EstoniaNarva
28%
SerbiaNiš
28%
United Arab EmiratesSharjah
28%
TunisiaSousse
28%
PeruTrujillo
28%
NamibiaWalvis Bay
28%
CubaCamagüey
22%
LuxembourgDudelange
22%
AzerbaijanGanja
22%
SudanKhartoum North
22%
FijiNadi
22%
KazakhstanShymkent
22%
TaiwanTaichung city
22%
SlovakiaŽilina
22%
MongoliaDarkhan
17%
IranEsfahan
17%
The BahamasFreeport
17%
KyrgyzstanJalal-Abad
17%
BangladeshKhulna
17%
KenyaKisumu
17%
SloveniaKranj
17%
LatviaLiepāja
17%
EthiopiaMek'ele
17%
MozambiqueNampula
17%
Bosnia and HerzegovinaTuzla
17%
AlbaniaVlorë
17%
MadagascarAntsirabe
11%
CambodiaBattambang
11%
EswatiniBig Bend
11%
SomaliaBosaso
11%
EcuadorCuenca
11%
IcelandHafnarfjörður
11%
JordanIrbid
11%
ZambiaKitwe
11%
North MacedoniaKumanovo
11%
LibyaMisrata
11%
MaliMopti
11%
UzbekistanNamangan
11%
LaosPakxe
11%
El SalvadorSan Miguel
11%
Côte d’IvoireSan-Pedro
11%
Cabo VerdeSanta Maria
11%
LebanonSidon
11%
JamaicaSpanish Town
11%
LiechtensteinTriesen
11%
South SudanYei
11%
NigerZinder
11%
KuwaitAl Farwānīyah
6%
Papua New GuineaArawa
6%
Marshall IslandsArno
6%
Guinea-BissauBafatá
6%
The GambiaBakau
6%
MoldovaBălți
6%
CameroonBamenda
6%
OmanBawshar
6%
MauritiusBeau Bassin-Rose Hill
6%
SeychellesBel Ombre
6%
Central African RepublicBerbérati
6%
KiribatiBikenibeu Village
6%
San MarinoBorgo Maggiore
6%
SurinameBrokopondo
6%
PhilippinesCaloocan City
6%
Costa RicaCartago
6%
ZimbabweChitungwiza
6%
HondurasCholoma
6%
North KoreaChongjin
6%
UruguayCiudad de la Costa
6%
F.S. MicronesiaColonia
6%
TurkmenistanDaşoguz
6%
Sri LankaDehiwala-Mount Lavinia
6%
HaitiDelmas
6%
DjiboutiDikhil
6%
Republic of the CongoDolisie
6%
Equatorial GuineaEbebiyín
6%
AndorraEncamp
6%
TuvaluFakaifou Village
6%
Saint Kitts and NevisFigtree
6%
ComorosFomboni
6%
GabonFranceville
6%
RwandaGitarama
6%
Solomon IslandsGizo
6%
KosovoGnjilane
6%
GrenadaGrenville
6%
MaldivesHithadhoo
6%
UgandaJinja City
6%
LiberiaKakata
6%
GuineaKankan
6%
TogoKara Kara
6%
Sierra LeoneKenema
6%
PalestineKhān Yūnis
6%
PalauKloulklubed
6%
TajikistanKulob
6%
Antigua and BarbudaLiberta
6%
AngolaLobito
6%
LesothoMafeteng
6%
BelarusMahilyow
6%
East Timor (Timor-Leste)Maliana
6%
DominicaMarigot
6%
NicaraguaMasaya
6%
NauruMenen
6%
QatarMesaieed
6%
GuatemalaMixco
6%
BotswanaMolepolole
6%
TongaMu’a
6%
BahrainMuharraq
6%
SamoaMulifanua
6%
MalawiMzuzu
6%
ThailandNakhon Ratchasima
6%
MauritaniaNéma
6%
GuyanaNew Amsterdam
6%
VanuatuNorsup
6%
BarbadosOistins
6%
BelizeOrange Walk Town
6%
Burkina FasoOuahigouya
6%
BeninParakou
6%
NepalPatan
6%
MalaysiaPetaling Jaya
6%
MontenegroPljevlja
6%
Saint Vincent and the GrenadinesPort Elizabeth
6%
BhutanPunakha
6%
Trinidad and TobagoSan Fernando
6%
ParaguaySan Lorenzo
6%
Dominican RepublicSantiago de los Caballeros
6%
Sao Tome and PrincipeSanto Amaro
6%
ChadSarh
6%
BruneiSeria
6%
YemenTaiz
6%
GhanaTamale
6%
EritreaTeseney
6%
SenegalThiès
6%
ArmeniaVanadzor
6%
Saint LuciaVieux Fort
6%
PortugalVila Nova de Gaia
6%
AlgeriaWahran
6%

Score Distribution

Percentile by Number Answered

Percent of People with Each Score

Your Score History

You have not taken this quiz